000 00642cam a2200229 4500
001 B2359
008 090401t1989 xxu||||| |||| 00| 0 eng d
035 _a(Sirsi) u49597
041 _aeng
050 _a693.892
100 _aEndean, Kenneth F
245 _aWeatherproofing problems in modern commercial and industrial buildings
260 _aAscot, Berks
_bChartered Institute of Building
_c1989
300 _a7p. : ill. ; 30cm.
350 _a0
490 _aTechnical Information Service
_v104
650 _aBUILDING DEFECTS
650 _aCOMMERCIAL BUILDINGS
650 _aRAIN PENETRATION
942 _n0
948 _c04/03/1997
999 _c92578
_d92578